• 首页
  • 本馆介绍
  • 公告通知
  • 最新文献
  • 馆藏检索
  • 电子资源
  • 读者导购
  • 参考咨询
  • 我的图书馆
  • 登录
  • 详细信息显示
  • 放入我的书架
  • 预约/预借图书
  • 作者相关作品
  • 分类相关作品
  • 丛书相关作品
  • 出版社相关作品

书目信息

  • 表格格式
  • 工作单格式
  • 卡片格式
题名:
冰鉴
    
 
作者: 曾国藩, 著 ;冯慧娟, 编
分册:  
出版信息: 沈阳   辽宁美术出版社  2018.01
页数: 153页
开本: 19cm
丛书名: 众阅国学馆
单 册:
中图分类: C96-092 , C96
科图分类:
主题词: 人才学--ren cai xue--中国--清代
电子资源:
ISBN: 978-7-5314-7794-5
000 00945nam 2200277 450
001 2343390219
005 20231109183715.78
010    @a978-7-5314-7794-5@dCNY25.00
100    @a20180830d2018 em y0chiy50 ea
101 0  @achi
102    @aCN@b210000
105    @aa z 000yy
200 1  @a冰鉴@Abing jian@f(清) 曾国藩著@g冯慧娟编
210    @a沈阳@c辽宁美术出版社@d2018.01
215    @a153页@c图@d19cm
225 2  @a众阅国学馆@Azhong yue guo xue guan
330    @a本书提炼了曾国藩在识人、用人、管人方面的精髓, 结合历史典故和现代实际案例, 由浅入深的叙述了领导者在识人、用人、管人时的实际操作方法及应该注意的问题。
410  0 @12001 @a众阅国学馆
605    @a冰鉴@Abing jian@x译文
606 0  @a人才学@Aren cai xue@y中国@z清代
690    @aC96-092@v5
690    @aC96@v4
701  0 @a曾国藩,@Azeng guo fan@f1811-1872@4著
702  0 @a冯慧娟,@Afeng hui juan@f1980-@4编
801  0 @aCN@b山东中教@c20230928
905    @aBZT@dC96@e15
    
    冰鉴/(清) 曾国藩著/冯慧娟编.-沈阳:辽宁美术出版社,2018.01
    153页:图;19cm.-(众阅国学馆)
    
    
    ISBN 978-7-5314-7794-5:CNY25.00
    本书提炼了曾国藩在识人、用人、管人方面的精髓, 结合历史典故和现代实际案例, 由浅入深的叙述了领导者在识人、用人、管人时的实际操作方法及应该注意的问题。
●
相关链接 在五车中查询图书 在当当中查询图书 在豆瓣中查询图书


正题名:冰鉴     索取号:C96/15         预约/预借

序号 登录号 条形码 馆藏地/架位号 状态 备注
1 2000954555   2000954555   315书库/四4架A面2层4列/ [索取号:C96/15] 在馆    
2 2000954556   2000954556   315书库/四4架A面2层4列/ [索取号:C96/15] 在馆    
3 2000954557   2000954557   315书库/四4架A面2层4列/ [索取号:C96/15] 在馆    
4 2000954558   2000954558   315书库/四4架A面2层4列/ [索取号:C96/15] 在馆    
5 2000954559   2000954559   315书库/四4架A面2层4列/ [索取号:C96/15] 在馆    
6 2000954560   2000954560   315书库/四4架A面2层4列/ [索取号:C96/15] 在馆    
山东省滨州职业学院图书馆 欢迎您!
大连网信软件有限公司© 版权所有